States by Fortune 500 Company - Statistics

General Stats
  • This quiz has been taken 21 times
  • The average score is 12 of 37
Answer Stats
State Companies % Correct
California Apple | Alphabet | Chevron | Wells Fargo | Intel | Facebook | Walt Disney | HP | Cisco | Tesla | Qualcomm | Synnex | Amgen | Visa | Broadcom | Gilead Sciences | AECOM | Netflix | PayPal | Pacific Gas and Electric | Salesforce | Molina | Western Digital | Gap | Ross Stores | Applied Materials | Uber | Farmers Insurance | Sempra Energy | Edison | Pacific Life | Live Nation Entertainment | Adobe | Reliance Steel & Aluminum Co. | Nvidia | eBay | Lam Research | Sanmina | NVR | Avery Dennison | Intuit | Advanced Micro Devices | Activision Blizzard | Clorox | First American | NetApp | Robert Half | Williams-Sonoma | Franklin Templeton Investments | Levi Strauss & Co.
100%
Washington Amazon | Costco | Microsoft | Starbucks | Paccar | Nordstrom | Expedia | Alaska Air | Expeditors | Fortive | Weyerhaeuser
85%
Texas ExxonMobil | McKesson | AT&T | Phillips 66 | Valero Energy | Dell | Sysco | Energy Transfer Partners | American Airlines | Oracle | ConocoPhillips | USAA | Plains All American Pipeline | Enterprise Products | Hewlett Packard Enterprise | CBRE | Baker Hughes | Southwest Airlines | Halliburton | Occidental Petroleum | Tenet | Kimberly-Clark | Fluor | D. R. Horton | HollyFrontier | EOG Resources | Jacobs Engineering | Waste Management | Texas Instruments | Core-Mark | Kinder Morgan | CenterPoint Energy | Quanta | Group 1 Automotive | Vistra Energy | Charles Schwab | J.C. Penney | Calpine | Cheniere Energy | Pioneer Natural Resources | Yum China | Targa Resources | NOV | Huntsman | Westlake Chemical | Dean | Builders FirstSource | GameStop | APA | Celanese | EnLink Midstream | Commercial Metals | Rush | Crown Castle
85%
Michigan Ford | General Motors | Dow Chemical | Penske Automotive | Whirlpool | Lear | Stryker | Kellogg's | DTE Energy | Ally | BorgWarner | Auto-Owners Insurance | Autoliv | SpartanNash | Masco | CMS Energy | American Axle
80%
New York JPMorgan Chase | Verizon Communications | Citigroup | IBM | PepsiCo | MetLife | Goldman Sachs | Morgan Stanley | Pfizer | AIG | American Express | New York Life Insurance | TIAA | StoneX | Philip Morris | ViacomCBS | Bristol-Myers Squibb | Bank of New York Mellon | Mastercard | Marsh & McLennan Companies | Colgate-Palmolive | Omnicom | Loews | Estée Lauder Companies | BlackRock | Guardian Life Insurance of America | Consolidated Edison | Corning | Fox | Henry Schein | Interpublic of Companies | Assurant | News Corp | PVH | Altice USA | Equitable | Kohlberg Kravis Roberts | Alleghany | Icahn | Voya | Coty | Constellation Brands | JetBlue | Foot Locker | Regeneron Pharmaceuticals | Blackstone | M&T Bank | S&P Global | Hess | ABM | Ralph Lauren | Tapestry
80%
Illinois Walgreens Boots Alliance | State Farm | Boeing | Archer Daniels Midland | Caterpillar | Allstate | United Airlines | John Deere | Exelon | AbbVie | Abbott Laboratories | US Foods | Mondelez | Kraft Heinz | McDonald's | CDW | JLL | Tenneco | Illinois Tool Works | Discover | LKQ | W. W. Grainger | Baxter | Navistar | Molson Coors Beverage | Conagra Brands | Univar Solutions | Anixter | Motorola Solutions | Ulta Beauty | Old Republic | Arthur J. Gallagher & Co. | Dover | Packaging Corporation of America | Northern Trust | RR Donnelley | Ingredion | Fortune Brands Home & Security
75%
Arkansas Walmart | Tyson | Murphy USA | J. B. Hunt | Dillard's
75%
Georgia Home Depot | United Parcel Service | Delta Air Lines | Coca-Cola | Aflac | Southern | Genuine Parts | WestRock | Pulte | Newell Brands | Mohawk | AGCO | Veritiv | Asbury Automotive | NCR | Intercontinental Exchange | Graphic Packaging | HD Supply
70%
Minnesota UnitedHealth | Target | Best Buy | 3M | CHS | U.S. Bancorp | General Mills | C. H. Robinson | Ecolab | ADP | Land O'Lakes | Ameriprise | Xcel Energy | Hormel | Thrivent | Polaris | Securian
60%
North Carolina Bank of America | Lowe's | Honeywell | Duke Energy | Nucor | Truist | LabCorp | IQVIA | Sonic Automotive | Advance Auto Parts | CommScope | Hanesbrands | Brighthouse
45%
Oregon Nike | Lithia Motors
45%
Massachusetts American Tower | General Electric | United Technologies | Liberty Mutual | TJX | Massachusetts Mutual Life Insurance | Raytheon | Thermo Fisher Scientific | Biogen | BJ's Wholesale Club | State Street | Global Partners | Keurig Dr Pepper | Boston Scientific | Wayfair | Eversource Energy
40%
Nebraska Berkshire Hathaway | Union Pacific | Mutual of Omaha | Kiewit | TD Ameritrade
40%
New Jersey Johnson & Johnson | Prudential | Merck & Co. | PBF Energy | Becton | Cognizant | Bed Bath & Beyond | Public Service Enterprise | Campbell Soup | NRG Energy | Avis Budget | Quest Diagnostics | Burlington | Zoetis | Ascena Retail | Realogy
40%
Ohio Cardinal | Marathon Petroleum | Kroger | Procter & Gamble | Nationwide Mutual Insurance | Progressive | Macy's | Sherwin-Williams | American Electric Power | Goodyear Tire and Rubber | Parker Hannifin | L Brands | FirstEnergy | Fifth Third Bank | Dana | American | Andersons | Cincinnati | Western & Southern | J.M. Smucker | KeyBank | Owens Corning | Cintas | O-I Glass | Alliance Data | AK Steel | TravelCenters of America | Huntington Bancshares
35%
Pennsylvania AmerisourceBergen | Comcast | Rite Aid | PNC | Lincoln National | Aramark | PPG | Howmet Aerospace | U.S. Steel | Crown | Universal Health | Alcoa | Air Products & Chemicals | Dick's Sporting Goods | Erie Insurance | WESCO | Westinghouse Air Brake | Hershey | PPL | UGI | Toll Brothers | Avantor
30%
Maryland Lockheed Martin | Marriott | Discovery
30%
Virginia Freddie Mac | General Dynamics | Northrop Grumman | Capital One | Dollar Tree | DXC Technology | Altria | Performance Food | CarMax | Dominion Energy | Norfolk Southern Corp | Leidos | AES | Owens & Minor | Markel | Hilton Worldwide | Huntington Ingalls | Genworth | Beacon Building Products | Booz Allen Hamilton | Science Applications
25%
Nevada Las Vegas Sands | MGM | Caesars | Wynn
25%
Florida Publix | Tech Data | World Fuel | Jabil | Lennar | AutoNation | NextEra Energy | L3Harris | CSX | Office Depot | FIS | Hertz | Ryder | Mosaic | Darden | Fidelity | Raymond James | MasTec
25%
Idaho Albertsons | Micron Technology
20%
Rhode Island CVS | United Natural Foods | Textron | Citizens | FM Global
20%
Delaware DuPont | Corteva
20%
Tennessee FedEx | HCA | Dollar General | International Paper | Community Health Systems | Unum | AutoZone | Delek US | Eastman Chemical | Tractor Supply
20%
Connecticut Cigna | Charter | Travelers Companies | Hartford | Synchrony | XPO Logistics | Booking | Stanley Black & Decker | United Rentals | Emcor | Xerox | Amphenol | Frontier | W. R. Berkley
15%
Colorado Arrow | DaVita | VF | Qurate | Dish | Ball | Liberty Media | Newmont | DCP Midstream | Ovintiv | Analog Devices
10%
Missouri Centene | Emerson Electric | Reinsurance Group of America | O'Reilly Auto Parts | Edward Jones Investments | Graybar | Olin | Ameren | Cerner | Post
10%
Kentucky Humana
10%
Wisconsin Northwestern Mutual | Manpower | Kohl's | American Family Insurance | Fiserv | Oshkosh | WEC Energy | Rockwell Automation
10%
Indiana Anthem | Cummins | Eli Lilly and | Steel Dynamics | Berry Global | Zimmer Biomet | Thor | Simon Property
5%
Louisiana CenturyLink | Entergy Corp
5%
D.C. Fannie Mae | Danaher
5%
Arizona Avnet | Freeport-McMoRan | Republic | Insight | Magellan
0%
Oklahoma NGL Energy Partners | Oneok | Chesapeake Energy | Williams Companies | Devon Energy
0%
Iowa Principal | Casey's General Stores
0%
Alabama Regions Financial
0%
Kansas Spirit AeroSystems | Seaboard
0%
No matching quizzes found
Score Distribution
Percent of People with Each Score
Percentile by Number Answered
Your Score History
You have not taken this quiz